Loading...
| Current Events | 5 | 12.00 | 60% | 40% | 20% |
| Fine Arts - Classical Music | 7 | 17.14 | 57% | 43% | 71% |
| Fine Arts - Other | 9 | 12.22 | 33% | 67% | 22% |
| Fine Arts - Painting & Sculpture | 3 | 6.67 | 0% | 67% | 0% |
| Geography | 2 | 5.00 | 0% | 50% | 0% |
| History - American | 6 | 15.00 | 50% | 50% | 50% |
| History - European | 6 | 11.67 | 17% | 67% | 33% |
| History - Other | 7 | 11.43 | 43% | 43% | 29% |
| History - World | 4 | 20.00 | 75% | 75% | 50% |
| Literature - American | 8 | 12.50 | 75% | 25% | 25% |
| Literature - British | 7 | 14.29 | 57% | 43% | 43% |
| Literature - European | 11 | 13.64 | 46% | 36% | 55% |
| Literature - World | 4 | 15.00 | 75% | 0% | 75% |
| Mythology | 3 | 13.33 | 67% | 33% | 33% |
| Other Academic | 2 | 5.00 | 50% | 0% | 0% |
| Philosophy | 6 | 16.67 | 67% | 83% | 17% |
| Religion | 7 | 17.14 | 86% | 71% | 14% |
| Science - Biology | 9 | 12.22 | 33% | 33% | 56% |
| Science - Chemistry | 5 | 10.00 | 0% | 60% | 40% |
| Science - Other | 6 | 6.67 | 33% | 17% | 17% |
| Science - Physics | 7 | 11.43 | 43% | 43% | 29% |
| Social Science | 7 | 15.71 | 57% | 29% | 71% |